<?xml version="1.0" encoding="UTF-8"?><?xml-stylesheet type="text/xsl" href="static/style.xsl"?><OAI-PMH xmlns="http://www.openarchives.org/OAI/2.0/" xmlns:xsi="http://www.w3.org/2001/XMLSchema-instance" xsi:schemaLocation="http://www.openarchives.org/OAI/2.0/ http://www.openarchives.org/OAI/2.0/OAI-PMH.xsd"><responseDate>2026-04-14T02:30:30Z</responseDate><request verb="GetRecord" identifier="oai:www.recercat.cat:2072/449358" metadataPrefix="marc">https://recercat.cat/oai/request</request><GetRecord><record><header><identifier>oai:recercat.cat:2072/449358</identifier><datestamp>2026-02-14T20:16:17Z</datestamp><setSpec>com_2072_98</setSpec><setSpec>col_2072_378194</setSpec></header><metadata><record xmlns="http://www.loc.gov/MARC21/slim" xmlns:dcterms="http://purl.org/dc/terms/" xmlns:xsi="http://www.w3.org/2001/XMLSchema-instance" xmlns:doc="http://www.lyncode.com/xoai" xsi:schemaLocation="http://www.loc.gov/MARC21/slim http://www.loc.gov/standards/marcxml/schema/MARC21slim.xsd">
   <leader>00925njm 22002777a 4500</leader>
   <datafield ind2=" " ind1=" " tag="042">
      <subfield code="a">dc</subfield>
   </datafield>
   <datafield ind2=" " ind1=" " tag="720">
      <subfield code="a">Verger, Aleixandre</subfield>
      <subfield code="e">author</subfield>
   </datafield>
   <datafield ind2=" " ind1=" " tag="720">
      <subfield code="a">Filella, Iolanda</subfield>
      <subfield code="e">author</subfield>
   </datafield>
   <datafield ind2=" " ind1=" " tag="720">
      <subfield code="a">Baret, Frédéric</subfield>
      <subfield code="e">author</subfield>
   </datafield>
   <datafield ind2=" " ind1=" " tag="720">
      <subfield code="a">Peñuelas, Josep</subfield>
      <subfield code="e">author</subfield>
   </datafield>
   <datafield ind2=" " ind1=" " tag="260">
      <subfield code="c">2015</subfield>
   </datafield>
   <datafield ind2=" " ind1=" " tag="520">
      <subfield code="a">Altres ajuts: Programes Copernicus, le Pôle Thématique Surfaces Continentales THEIA, GIOBIO (32-566) i LONGLOVE (32-594).</subfield>
   </datafield>
   <datafield ind2=" " ind1=" " tag="520">
      <subfield code="a">La fenología de la vegetación a escala global se caracterizó a partir de series temporales del índice de área foliar (LAI) SPOT VEGETATION a 1-km de resolución espacial en el periodo 1999-2010. Los patrones espaciales de la fenología estimada a partir de datos de satélite muestran una gran consistencia con la distribución de biomas y factores climáticos. La comparación de la fenología SPOT VEGETATION con medidas in-situ para las fenofases del abedul común (Betula pendula) en Europa muestra un gran acuerdo en el gradiente latitudinal de temperatura con un descenso en la duración de la estación de crecimiento de 5 días por grado de latitud.</subfield>
   </datafield>
   <datafield ind2=" " ind1=" " tag="520">
      <subfield code="a">We characterized the phenology of the vegetation at the global scale from the mean seasonal leaf area index (LAI) estimated from 1-km SPOT VEGETATION time series for 1999-2010. The satellite-derived phenology was spatially consistent with the global distributions of climatic drivers and biome land cover. The rate of change of phenological leaf development from VEGETATION data and in-situ observations for the date of phenophases of European birch forests agreed very well with latitudinal temperature with a decrease in the length of season of approximately five days per degree of latitude.</subfield>
   </datafield>
   <datafield tag="653" ind2=" " ind1=" ">
      <subfield code="a">Fenologia a escala global</subfield>
   </datafield>
   <datafield tag="653" ind2=" " ind1=" ">
      <subfield code="a">VEGETATION</subfield>
   </datafield>
   <datafield tag="653" ind2=" " ind1=" ">
      <subfield code="a">Índex d'àrea foliar</subfield>
   </datafield>
   <datafield tag="653" ind2=" " ind1=" ">
      <subfield code="a">Factors climàtics</subfield>
   </datafield>
   <datafield tag="653" ind2=" " ind1=" ">
      <subfield code="a">Mides in-situ</subfield>
   </datafield>
   <datafield tag="653" ind2=" " ind1=" ">
      <subfield code="a">Fenología a escala global</subfield>
   </datafield>
   <datafield tag="653" ind2=" " ind1=" ">
      <subfield code="a">Índice de área foliar</subfield>
   </datafield>
   <datafield tag="653" ind2=" " ind1=" ">
      <subfield code="a">Factores climáticos</subfield>
   </datafield>
   <datafield tag="653" ind2=" " ind1=" ">
      <subfield code="a">Medidas in-situ</subfield>
   </datafield>
   <datafield tag="653" ind2=" " ind1=" ">
      <subfield code="a">Global phenology</subfield>
   </datafield>
   <datafield tag="653" ind2=" " ind1=" ">
      <subfield code="a">Leaf area index</subfield>
   </datafield>
   <datafield tag="653" ind2=" " ind1=" ">
      <subfield code="a">Climatic drivers</subfield>
   </datafield>
   <datafield tag="653" ind2=" " ind1=" ">
      <subfield code="a">Ground data</subfield>
   </datafield>
   <datafield ind2="0" ind1="0" tag="245">
      <subfield code="a">Caracterizacion de la fenología de la vegetación a escala global mediante series temporales SPOT VEGETATION</subfield>
   </datafield>
</record></metadata></record></GetRecord></OAI-PMH>